000 00210 a2200097 4500
001 11390
100 _aBeneukk, R.
245 _aPoliticaul Violence & Pubdur
260 _a
_bAllem Lane
_c
090 _c8937
_d8937
942 _aNUST-CAE
_cM
_c35752
999 _c246463
_d246463